[Event "ROM-ch U10"]
[Site "Calimanesti Caciulata"]
[Date "2019.04.16"]
[Round "2"]
[White "Silaghi, Matias Radu"]
[Black "Robu, Denis Andrei"]
[Result "1-0"]
[WhiteElo "1033"]
[BlackElo "1001"]
[PlyCount "55"]
[EventDate "2019.04.15"]
[EventType "swiss"]
[EventRounds "9"]
[EventCountry "ROU"]
[SourceTitle "CBM 190 Extra"]
[Source "ChessBase"]
[SourceDate "2019.07.15"]
[SourceVersion "1"]
[SourceVersionDate "2019.07.15"]
[SourceQuality "1"]

1. e4 e5 2. Nf3 Nc6 3. Nc3 Nf6 4. d4 exd4 5. Nxd4 Bc5 6. Be3 Bxd4 7. Bxd4 Nxd4 8. Qxd4 d6 9. Bd3 0-0 10. 0-0 Ng4 11. h3 Nh6 12. Rfe1 Qg5 13. Qe3 Qxe3 14. Rxe3 Re8 15. Nd5 Re7 16. Nxe7+ Kf8 17. Nd5 c6 18. Nc7 Rb8 19. e5 dxe5 20. Rxe5 f6 21. Ne6+ Bxe6 22. Rxe6 Kf7 23. Rae1 Kf8 24. Bxh7 Kf7 25. Re7+ Kf8 26. Bg6 Kg8 27. Re8+ Rxe8 28. Rxe8# 1-0

[Event "ROM-ch U10"]
[Site "Calimanesti"]
[Date "2018.03.29"]
[Round "4"]
[White "Robu, Denis Andrei"]
[Black "Voicu, Patrick Alexandru"]
[Result "1-0"]
[WhiteElo "1005"]
[BlackElo "1001"]
[PlyCount "91"]
[EventDate "2018.03.27"]
[EventType "swiss"]
[EventRounds "9"]
[EventCountry "ROU"]
[SourceTitle "CBM 183 Extra"]
[Source "ChessBase"]
[SourceDate "2018.04.19"]
[SourceVersion "1"]
[SourceVersionDate "2018.04.19"]
[SourceQuality "1"]

1. e4 g6 2. d4 b6 3. Bf4 d6 4. e5 Bb7 5. exd6 cxd6 6. Qg4 Bg7 7. Bb5+ Bc6 8. Bxc6+ Nxc6 9. Qf3 Na5 10. Qa3 Nb7 11. Qa4+ Qd7 12. Qxd7+ Kxd7 13. Nf3 f6 14. 0-0 Nh6 15. Bxh6 Bxh6 16. Nc3 e5 17. dxe5 dxe5 18. Rad1+ Nd6 19. Nd2 Ke6 20. Nce4 Bf8 21. Nxd6 Bxd6 22. Nc4 Rad8 23. Rd2 b5 24. Nxd6 Rxd6 25. Rfd1 Rhd8 26. Rd3 a6 27. h3 h6 28. Rxd6+ Rxd6 29. Re1 g5 30. b3 h5 31. a4 Rc6 32. c4 Rb6 33. c5 Rc6 34. Rc1 Kd5 35. axb5 axb5 36. b4 Rxc5 37. bxc5 Kd4 38. c6 Kd5 39. c7 Kd6 40. c8Q Kd5 41. Qc5+ Ke6 42. g4 hxg4 43. hxg4 Kf7 44. Qb6 Ke7 45. Rc7+ Ke8 46. Qb8# 1-0